000 00928nam a22001935i 4500
001 162951
003 ES-MaACL
005 20250715063127.0
008 000203s1874 sp |||| | spa d
040 _aCAM
_bspa
_cCAM
100 1 _aRamos Carrión, Miguel,
_d1848-1915
_995293
245 1 4 _aLos señoritos
_b: comedia en tres actos y en prosa /
_coriginal de Miguel Ramos Carrión.
260 _aMadrid :
_b[Administración lírico-dramática],
_c1874 (
_fImprenta de José Rodriguez)
300 _a54 p. ;
_c20 cm.
500 1 _aEn port.: Estrenada en el Teatro del Circo el 24 de noviembre de 1874.
596 1 _aEd. tomado de la cub.
852 _aES-MaACL
_jF-8562(3)
_z-- Enc. pasta española
_q-- Falto de la cub. original
_z-- Enc. en un vol. facticio formando parte de la col. facticia "Teatro español moderno", vol. 14
_z.- Dedicatoria manuscrita del autor a Serafín García
999 _c162951
_d162951